| 000 | 00836nam a2200253 4500 | ||
|---|---|---|---|
| 003 | OSt | ||
| 005 | 20260530115304.0 | ||
| 008 | 260507b1977 sp ||||| |||| 00| 0 spa d | ||
| 020 | _a8425206707 | ||
| 040 |
_aICI _bspa _cICI |
||
| 041 | _aspa | ||
| 050 |
_aTS171 _bM35 |
||
| 100 | 1 |
_aMaldonado, Tomás, _eautor |
|
| 245 | 1 | 0 |
_aEl diseno industrial reconsiderado : _bDefinicion, historia, bibliografia / _cTomas Maldonado ; versión castellana de Francesc Serra i Cantarell |
| 264 | 1 |
_aBarcelona : _bGustavo Gili, _c1977 |
|
| 300 | _a93 páginas ; | ||
| 336 |
_atexto _2rdacontent |
||
| 337 |
_asin medio _2rdamedia |
||
| 338 |
_avolumen _2rdacarrier |
||
| 490 | 0 | _aColección punto y línea | |
| 650 |
_aColección punto y línea _xEstudio y enseñanza _931650 |
||
| 700 | 1 |
_aSerra i Cantarell, Francesc, _931651 |
|
| 942 |
_2lcc _cBK _n1 |
||
| 999 |
_c12991 _d12991 |
||